[Event "HZ Chess Tournament 2019"]
[Site "Vlissingen"]
[Date "2019.08.09"]
[Round "8.42"]
[White "Albrecht, Alex"]
[Black "De Meester, Johan"]
[Result "1-0"]
[WhiteElo "1927"]
[BlackElo "1748"]
[PlyCount "43"]
[EventCountry "NED"]

1. d4 d5 2. Nf3 Nf6 3. e3 Bf5 4. Bd3 e6 5. Bxf5 exf5 6. Qd3 Qc8 7. Ne5 Bd6 8.
Nd2 O-O 9. O-O Re8 10. f4 g6 11. c4 c5 12. b3 cxd4 13. exd4 Nc6 14. Bb2 Qe6 15.
Rae1 Bxe5 16. dxe5 dxc4 17. bxc4 Rad8 18. Qc3 Nd7 19. c5 Nxc5 20. Nf3 Nd3 21.
Ng5 Qxa2 22. e6 1-0

[Event "HZ Chess Tournament 2019"]
[Site "Vlissingen"]
[Date "2019.08.09"]
[Round "8.43"]
[White "Pang, Khai Jie Ryan"]
[Black "Morssink, Pieter Jan"]
[Result "1/2-1/2"]
[WhiteElo "1770"]
[BlackElo "1918"]
[PlyCount "39"]
[EventCountry "NED"]

1. e4 e6 2. d4 d5 3. Nc3 dxe4 4. Nxe4 Nd7 5. Nf3 Ngf6 6. Nxf6+ Nxf6 7. Bd3 Be7
8. O-O O-O 9. b3 b6 10. c4 Bb7 11. Bb2 c5 12. Be2 Qc7 13. dxc5 Qxc5 14. Qd4
Rad8 15. Qxc5 Bxc5 16. Rad1 Ne4 17. Bd3 Be7 18. Bc2 Bf6 19. Bxf6 Nxf6 20. Ne5
1/2-1/2

[Event "HZ Chess Tournament 2019"]
[Site "Vlissingen"]
[Date "2019.08.09"]
[Round "8.44"]
[White "De Feijter, Niels"]
[Black "Boerkamp, Harry"]
[Result "0-1"]
[WhiteElo "1733"]
[BlackElo "1915"]
[PlyCount "52"]
[EventCountry "NED"]

1. c4 e5 2. Nc3 Nc6 3. g3 f5 4. Bg2 Nf6 5. e3 Bc5 6. Nge2 O-O 7. a3 a5 8. Nb5
e4 9. d4 exd3 10. Qxd3 d6 11. b3 Ne5 12. Qc2 c6 13. Nbd4 Qe8 14. Bb2 Bd7 15.
Rd1 g5 16. h4 Nfg4 17. hxg5 Nxf2 18. Rh4 Neg4 19. Qc3 Nxd1 20. Kxd1 Qxe3 21.
Nxc6 Nf2+ 22. Kc2 Qxc3+ 23. Bxc3 Bxc6 24. Bxc6 bxc6 25. Nf4 Ne4 26. Bb2 Nxg5
0-1

[Event "HZ Chess Tournament 2019"]
[Site "Vlissingen"]
[Date "2019.08.09"]
[Round "8.45"]
[White "Wastiaux, Roland"]
[Black "Dittmar, Lars"]
[Result "1/2-1/2"]
[WhiteElo "1727"]
[BlackElo "1882"]
[PlyCount "68"]
[EventCountry "NED"]

1. d4 Nf6 2. Bf4 g6 3. e3 Bg7 4. h3 d6 5. Nf3 Nbd7 6. Be2 O-O 7. c4 c5 8. Nc3
cxd4 9. exd4 b6 10. O-O Bb7 11. Re1 Re8 12. Bh2 Rc8 13. b3 e5 14. Nb5 Qe7 15.
dxe5 Nxe5 16. Qxd6 Bxf3 17. gxf3 Rcd8 18. Qxe7 Rxe7 19. Bxe5 Rxe5 20. Nxa7 Nh5
21. Kf1 Rd2 22. Rab1 Nf4 23. Bd1 Rxe1+ 24. Kxe1 Rxa2 25. Nc6 Nxh3 26. Ne7+ Kf8
27. Nd5 Rxf2 28. Rc1 Bd4 29. Rc2 h5 30. Rxf2 Nxf2 31. Bc2 h4 32. Kf1 h3 33. Kg1
Ng4+ 34. Kh1 Ne5 1/2-1/2

[Event "HZ Chess Tournament 2019"]
[Site "Vlissingen"]
[Date "2019.08.09"]
[Round "8.46"]
[White "Snijders, Frans"]
[Black "Hng, Mei-Xian Eunice"]
[Result "0-1"]
[WhiteElo "1876"]
[BlackElo "1719"]
[PlyCount "76"]
[EventCountry "NED"]

1. e4 c5 2. Nf3 e6 3. b4 cxb4 4. d4 Nf6 5. Bd3 Be7 6. O-O O-O 7. a3 h6 8. axb4
Bxb4 9. c3 Be7 10. Nfd2 d6 11. f4 e5 12. Nf3 exd4 13. Nxd4 Re8 14. Qf3 Nbd7 15.
Nd2 Nc5 16. Bc2 Bf8 17. Ba3 b6 18. e5 Bb7 19. Qg3 dxe5 20. Nf5 Kh8 21. Rad1 Qc7
22. Qh4 Qc6 23. Nf3 exf4 24. Qxf4 Ne6 25. Qa4 Qxa4 26. Bxa4 Bxa3 27. Bxe8 Bc5+
28. Kh1 Rxe8 29. Ne5 Ng5 30. Rfe1 Nfe4 31. Nd3 Nf2+ 32. Nxf2 Rxe1+ 33. Rxe1
Bxf2 34. Re8+ Kh7 35. Re7 Bc8 36. Nd6 Bc5 37. Nxc8 Bxe7 38. Nxe7 a5 0-1

[Event "HZ Chess Tournament 2019"]
[Site "Vlissingen"]
[Date "2019.08.09"]
[Round "8.47"]
[White "De Kleuver, Jonathan"]
[Black "Silkaitis, Laimis"]
[Result "1-0"]
[WhiteElo "1874"]
[BlackElo "1678"]
[PlyCount "119"]
[EventCountry "NED"]

1. d4 d5 2. c4 e6 3. Nc3 a6 4. b3 Nf6 5. e3 Be7 6. Bd3 b6 7. Nge2 Bb7 8. O-O
O-O 9. Qc2 Nbd7 10. e4 dxe4 11. Nxe4 Nxe4 12. Bxe4 Bxe4 13. Qxe4 Nf6 14. Qf3
Ra7 15. Be3 Qa8 16. Qxa8 Raxa8 17. Nc3 Rfd8 18. Rfd1 Rd7 19. f3 Rad8 20. Kf1
Bb4 21. Ne2 Ba3 22. Rd2 Bb4 23. Rd3 Ba3 24. Bg5 h6 25. Bxf6 gxf6 26. Rad1 c6
27. Ng3 Kh7 28. Nh5 Be7 29. Ke2 Kg6 30. Nf4+ Kf5 31. g3 e5 32. dxe5 Rxd3 33.
Rxd3 Rxd3 34. Nxd3 fxe5 35. g4+ Ke6 36. f4 exf4 37. Kf3 Bd6 38. b4 Bc7 39. h3
Kf6 40. h4 Bb8 41. Ke4 b5 42. cxb5 axb5 43. Nxf4 Bd6 44. a3 Bc7 45. Ne2 Be5 46.
Nd4 Bxd4 47. Kxd4 Ke6 48. Ke4 f6 49. Kf4 Kd5 50. Kf5 Kc4 51. Kxf6 Kb3 52. g5
hxg5 53. hxg5 Kxa3 54. g6 Kxb4 55. g7 c5 56. g8=Q c4 57. Ke5 Kc3 58. Kd5 Kc2
59. Kd4 Kb3 60. Qd5 1-0

[Event "HZ Chess Tournament 2019"]
[Site "Vlissingen"]
[Date "2019.08.09"]
[Round "8.48"]
[White "Van de Laar, Andre"]
[Black "Minnema, Rens"]
[Result "1/2-1/2"]
[WhiteElo "1699"]
[BlackElo "1861"]
[PlyCount "33"]
[EventCountry "NED"]

1. c4 d6 2. g3 e5 3. Bg2 f5 4. d3 Be7 5. Nc3 c6 6. Nf3 Be6 7. e3 Nd7 8. O-O g5
9. Ne1 h5 10. b3 Ngf6 11. d4 e4 12. d5 Bf7 13. f3 exf3 14. Nxf3 Qa5 15. Bd2 Ng4
16. dxc6 bxc6 17. Nd5 1/2-1/2

[Event "HZ Chess Tournament 2019"]
[Site "Vlissingen"]
[Date "2019.08.09"]
[Round "8.49"]
[White "Fritsche, Alan"]
[Black "Timmermans, Adri"]
[Result "1/2-1/2"]
[WhiteElo "1657"]
[BlackElo "1860"]
[PlyCount "67"]
[EventCountry "NED"]

1. e4 e5 2. Nf3 Nc6 3. d4 exd4 4. Bc4 Nf6 5. e5 d5 6. Bb5 Ne4 7. Nxd4 Bd7 8.
Bxc6 bxc6 9. O-O Bc5 10. f3 Ng5 11. Be3 Bb6 12. c3 c5 13. Nb3 c4 14. Nd4 c5 15.
Nc2 Bc6 16. f4 Ne4 17. Qg4 Qe7 18. Nd2 d4 19. cxd4 cxd4 20. Nxe4 Bxe4 21. Nxd4
f5 22. exf6 Qxf6 23. f5 Bd3 24. Qh5+ Kd7 25. Rf4 Rae8 26. Qf3 Rxe3 27. Qxe3 Re8
28. Qf3 Bxd4+ 29. Kh1 Be5 30. Qb7+ Bc7 31. Rxc4 Qd6 32. Rxc7+ Qxc7 33. Qd5+ Qd6
34. Qb7+ 1/2-1/2

[Event "HZ Chess Tournament 2019"]
[Site "Vlissingen"]
[Date "2019.08.09"]
[Round "8.50"]
[White "Altenbernd, Dirk"]
[Black "Brouwer, Willem"]
[Result "1/2-1/2"]
[WhiteElo "1859"]
[BlackElo "1705"]
[PlyCount "43"]
[EventCountry "NED"]

1. c4 c5 2. g3 g6 3. Bg2 Nc6 4. Nc3 Bg7 5. e4 b6 6. Nge2 Bb7 7. d3 e6 8. a3
Nge7 9. Rb1 d6 10. Be3 Qc7 11. b4 e5 12. Qd2 O-O 13. O-O Rfb8 14. f4 Nd4 15.
Rf2 Rf8 16. fxe5 dxe5 17. Bh6 f5 18. Bxg7 Kxg7 19. Rbf1 h6 20. Nd5 Nxd5 21.
exd5 Qd6 22. Nxd4 1/2-1/2

[Event "HZ Chess Tournament 2019"]
[Site "Vlissingen"]
[Date "2019.08.09"]
[Round "8.51"]
[White "Lukas, Anne"]
[Black "Van de Krol, Sernin"]
[Result "1-0"]
[WhiteElo "1842"]
[BlackElo "1603"]
[PlyCount "83"]
[EventCountry "NED"]

1. d4 c5 2. d5 Nf6 3. Nc3 e6 4. e4 exd5 5. exd5 d6 6. h3 a6 7. a4 g6 8. Nf3 Bg7
9. Bc4 O-O 10. O-O Nbd7 11. Re1 Re8 12. Bf4 Nb6 13. Ba2 Bf5 14. a5 Nc8 15.
Rxe8+ Qxe8 16. Qd2 Qd7 17. Kh2 Ne4 18. Nxe4 Bxe4 19. Ng5 Bf5 20. g4 h6 21. gxf5
hxg5 22. Bxg5 Qxf5 23. Re1 Be5+ 24. f4 Qxg5 25. Rxe5 Qf6 26. Re8+ Kg7 27. c4
Nb6 28. Re2 Nd7 29. Bb1 Rh8 30. Qe3 Qh4 31. Qg3 Qd8 32. f5 Ne5 33. fxg6 Nxg6
34. Bxg6 fxg6 35. Re6 Rh6 36. Rxd6 Qe7 37. Re6 Qd7 38. Qe5+ Kg8 39. d6 Kf8 40.
Qf4+ Kg8 41. Qf6 Qc8 42. Qe7 1-0

[Event "HZ Chess Tournament 2019"]
[Site "Vlissingen"]
[Date "2019.08.09"]
[Round "8.52"]
[White "Moors, Marc"]
[Black "Sow, MiaoGeng Malcolm"]
[Result "1/2-1/2"]
[WhiteElo "1829"]
[BlackElo "1525"]
[PlyCount "82"]
[EventCountry "NED"]

1. d4 c5 2. e3 e6 3. Nf3 Nf6 4. Bd3 b6 5. O-O Bb7 6. Nbd2 Be7 7. Qe2 Nc6 8. c3
O-O 9. Re1 cxd4 10. exd4 d6 11. Ne4 e5 12. dxe5 dxe5 13. Nxf6+ Bxf6 14. Be4 Re8
15. b3 Qc7 16. Ba3 Rad8 17. Rad1 g6 18. Bb2 Bg7 19. Rxd8 Rxd8 20. Rd1 Rxd1+ 21.
Qxd1 Na5 22. Qd3 Bxe4 23. Qxe4 Nc6 24. Qd5 Qd8 25. Qxd8+ Nxd8 26. c4 Nc6 27.
Nd2 f5 28. Kf1 e4 29. Bxg7 Kxg7 30. Ke2 Kf6 31. f3 Ke5 32. fxe4 fxe4 33. Ke3
Nb4 34. Nxe4 Nxa2 35. Nd2 Nc1 36. Nf3+ Kd6 37. b4 Na2 38. b5 Kc5 39. Kd3 Nb4+
40. Kc3 Na2+ 41. Kb2 Nb4 1/2-1/2